• 首页
  • 本馆介绍
  • 公告通知
  • 最新文献
  • 馆藏检索
  • 电子资源
  • 读者导购
  • 参考咨询
  • 我的图书馆
  • 登录
  • 详细信息显示
  • 放入我的书架
  • 预约/预借图书
  • 作者相关作品
  • 分类相关作品
  • 丛书相关作品
  • 出版社相关作品

书目信息

  • 表格格式
  • 工作单格式
  • 卡片格式
题名:
行政职业能力倾向测验·申论
    
 
作者: ;上海市公务员考试研究中心 编
分册:  
出版信息: 上海   上海财经大学出版社  2006
页数: 356页
开本: 23cm
丛书名:
单 册:
中图分类: D630.3 , H152.3
科图分类:
主题词: 行政管理--能力倾向测验--中国--考核--自学参考资料 , 公文--写作--考核--自学参考资料 , 行政管理 , 能力倾向测验 , 公文 , 写作
电子资源:
ISBN: 7-81098-643-0
000 01137nam0 2200301 450
001 1239562171
005 20121004110002.46
010    @a7-81098-643-0@dCNY35.00
100    @a20060816d2006 em y0chiy50 ea
101 0  @achi
102    @aCN@b310000
105    @ay z 000yy
200 1  @a行政职业能力倾向测验·申论@Axing zheng zhi ye neng li qing xiang ce yan · shen lun@f上海市公务员考试研究中心[编]
210    @a上海@c上海财经大学出版社@d2006
215    @a356页@d23cm
300    @a上海市公务员录用考试辅导用书
330    @a本书分上、下两篇共十章,内容包括:行政职业能力倾向测验概论、数理能力、言语理解与表达能力、判断推理能力、常识应用能力、申论概述、申论备考、申论应试方法与技巧、申论语言表达、申论意识与热点素材。
606 0  @a行政管理@x能力倾向测验@y中国@x考核@j自学参考资料
606 0  @a公文@x写作@x考核@j自学参考资料
606 0  @a行政管理
606 0  @a能力倾向测验
606 0  @a公文
606 0  @a写作
690    @aD630.3@v4
690    @aH152.3@v4
711 02 @a上海市公务员考试研究中心@Ashang hai shi gong wu yuan kao shi yan jiu zhong xin@4编
801  0 @aCN@bNLC@c20101222
905    @a10447@dD630.3@eJY11
    
    行政职业能力倾向测验·申论/上海市公务员考试研究中心[编].-上海:上海财经大学出版社,2006
    356页;23cm
    上海市公务员录用考试辅导用书
    
    ISBN 7-81098-643-0:CNY35.00
    本书分上、下两篇共十章,内容包括:行政职业能力倾向测验概论、数理能力、言语理解与表达能力、判断推理能力、常识应用能力、申论概述、申论备考、申论应试方法与技巧、申论语言表达、申论意识与热点素材。
●
相关链接 在E读中查询图书 在五车中查询图书 在当当中查询图书 在豆瓣中查询图书


正题名:行政职业能力倾向测验·申论     索取号:D630.3/JY11         预约/预借

序号 登录号 条形码 馆藏地/架位号 状态 备注
1 7812048   278120481   学院路分馆/ [索取号:D630.3/JY11] 在馆    
2 7812049   278120490   学院路分馆/ [索取号:D630.3/JY11] 在馆    
唐山师范学院图书馆 欢迎您!
大连网信软件有限公司© 版权所有